00520nam a2200193 a 4500001001300000003000900013005001700022008004100039020001000080082001400090100002200104245003000126260004800156300000800204500003500212505004100247650001600288700002200304nice12345678IN_TiNIC20260116011427.0050524s1938 laha grp 000 0 urd  ac10000a239bPAU1 aPaul, Sultan Paul aMain Kiyon Masihi Ho Gaya aLahorebPunjab Religious Booksociety c1938 a24p aincludes index and biblioraphy2 a12 Volumes in Bounded in Six Volumes aApologetics1 aPaul, Sultan Paul